MCS-80/85 Family user's manual.
Guardado en:
| Autor Corporativo: | |
|---|---|
| Formato: | Libro |
| Idioma: | English |
| Publicado: |
Santa Clara, Ca :
Intel corporation,
1983.
|
| Materias: | |
| Etiquetas: |
Agregar Etiqueta
Sin Etiquetas, Sea el primero en etiquetar este registro!
|
| LEADER | 00555nam a22001575a 4500 | ||
|---|---|---|---|
| 001 | EIQ.libpla003818 | ||
| 008 | 080325s1983####caua##########000#0#eng#d | ||
| 005 | 20080325181749.0 | ||
| 245 | 1 | 0 | |a MCS-80/85 Family user's manual. |
| 260 | |a Santa Clara, Ca : |b Intel corporation, |c 1983. | ||
| 300 | |a 1v. (en varias paginaciones) : |b il. ; |c 25 cm. | ||
| 650 | 4 | |a Electrónica |x Handbook, manuales, etc. | |
| 650 | 4 | |a Electronics |x Handbook, manuals, etc. | |
| 040 | |a AR-BbSID |b spa |c AR-BbSID | ||
| 110 | 2 | |a Intel corporation. | |
| 859 | |a AR-BbSID |b BIB. PLAPIQUI |h 621.381 53 |i In 8 |p 3038 | ||
